Actors who worked with Peter Jackson - Statistics

General Stats
  • This quiz has been taken 116 times
  • The average score is 28 of 88
Answer Stats
Films Answer % Correct
The Lord of the Rings: The Fellowship of the Ring, The Lord of the Rings: The Two Towers, The Lord of the Rings: The Return of the King, The Hobbit: An Unexpected Journey Elijah Wood
94%
The Lord of the Rings: The Fellowship of the Ring, The Lord of the Rings: The Two Towers, The Lord of the Rings: The Return of the King, The Hobbit: An Unexpected Journey, The Hobbit: The Desolation of Smaug, The Hobbit: The Battle of the Five Armies Ian McKellen
94%
The Lord of the Rings: The Fellowship of the Ring, The Lord of the Rings: The Two Towers, The Lord of the Rings: The Return of the King, The Hobbit: The Desolation of Smaug, The Hobbit: The Battle of the Five Armies Orlando Bloom
94%
The Lord of the Rings: The Fellowship of the Ring, The Lord of the Rings: The Two Towers, The Lord of the Rings: The Return of the King, The Hobbit: An Unexpected Journey, King Kong Andy Serkis
85%
The Lord of the Rings: The Fellowship of the Ring, The Lord of the Rings: The Two Towers, The Lord of the Rings: The Return of the King, The Hobbit: An Unexpected Journey, The Hobbit: The Battle of the Five Armies Cate Blanchett
81%
King Kong Jack Black
79%
The Lord of the Rings: The Fellowship of the Ring, The Lord of the Rings: The Two Towers, The Lord of the Rings: The Return of the King, The Hobbit: An Unexpected Journey, The Hobbit: The Battle of the Five Armies Christopher Lee
77%
The Hobbit: An Unexpected Journey, The Hobbit: The Desolation of Smaug, The Hobbit: The Battle of the Five Armies Martin Freeman
77%
The Lord of the Rings: The Fellowship of the Ring, The Lord of the Rings: The Two Towers, The Lord of the Rings: The Return of the King, The Hobbit: An Unexpected Journey, The Hobbit: The Battle of the Five Armies Hugo Weaving
74%
The Lord of the Rings: The Fellowship of the Ring, The Lord of the Rings: The Two Towers, The Lord of the Rings: The Return of the King Sean Astin
74%
The Lord of the Rings: The Fellowship of the Ring, The Lord of the Rings: The Two Towers, The Lord of the Rings: The Return of the King Viggo Mortensen
74%
The Hobbit: An Unexpected Journey, The Hobbit: The Desolation of Smaug, The Hobbit: The Battle of the Five Armies Benedict Cumberbatch
68%
The Lord of the Rings: The Fellowship of the Ring, The Lord of the Rings: The Two Towers, The Lord of the Rings: The Return of the King Sean Bean
68%
King Kong Naomi Watts
66%
King Kong Adrien Brody
62%
The Frighteners John Astin
60%
The Lord of the Rings: The Fellowship of the Ring, The Lord of the Rings: The Return of the King, The Hobbit: An Unexpected Journey, The Hobbit: The Battle of the Five Armies Ian Holm
57%
The Lord of the Rings: The Fellowship of the Ring, The Lord of the Rings: The Two Towers, The Lord of the Rings: The Return of the King Dominic Monaghan
47%
The Lord of the Rings: The Fellowship of the Ring, The Lord of the Rings: The Two Towers, The Lord of the Rings: The Return of the King Liv Tyler
47%
The Lord of the Rings: The Fellowship of the Ring, The Lord of the Rings: The Two Towers, The Lord of the Rings: The Return of the King John Rhys-Davies
45%
The Lovely Bones Saoirse Ronan
45%
The Hobbit: The Desolation of Smaug, The Hobbit: The Battle of the Five Armies Evangeline Lilly
43%
The Lord of the Rings: The Two Towers, The Lord of the Rings: The Return of the King Karl Urban
43%
The Lord of the Rings: The Fellowship of the Ring, The Lord of the Rings: The Two Towers, The Lord of the Rings: The Return of the King Billy Boyd
40%
The Lovely Bones Stanley Tucci
40%
Heavenly Creatures Kate Winslet
38%
The Hobbit: An Unexpected Journey, The Hobbit: The Desolation of Smaug, The Hobbit: The Battle of the Five Armies Richard Armitage
38%
The Hobbit: The Desolation of Smaug, The Hobbit: The Battle of the Five Armies Luke Evans
36%
King Kong Jamie Bell
34%
The Lovely Bones Mark Wahlberg
34%
The Lord of the Rings: The Two Towers, The Lord of the Rings: The Return of the King Miranda Otto
34%
The Hobbit: The Desolation of Smaug, The Hobbit: The Battle of the Five Armies Lee Pace
32%
The Hobbit: The Desolation of Smaug, The Hobbit: The Battle of the Five Armies John Bell
30%
Heavenly Creatures Melanie Lynskey
28%
The Lovely Bones Rachel Weisz
28%
The Lord of the Rings: The Two Towers, The Lord of the Rings: The Return of the King Bernard Hill
26%
The Frighteners Michael J. Fox
26%
The Hobbit: An Unexpected Journey, The Hobbit: The Desolation of Smaug, The Hobbit: The Battle of the Five Armies Aidan Turner
23%
The Lord of the Rings: The Two Towers Brad Dourif
23%
The Lord of the Rings: The Two Towers, The Lord of the Rings: The Return of the King David Wenham
23%
The Hobbit: An Unexpected Journey, The Hobbit: The Desolation of Smaug, The Hobbit: The Battle of the Five Armies James Nesbitt
23%
Bad Taste Craig Smith
21%
The Hobbit: An Unexpected Journey, The Hobbit: The Desolation of Smaug, The Hobbit: The Battle of the Five Armies Sylvester McCoy
21%
The Hobbit: An Unexpected Journey, The Hobbit: The Desolation of Smaug, The Hobbit: The Battle of the Five Armies Ken Stott
19%
King Kong Kyle Chandler
19%
The Hobbit: The Desolation of Smaug, The Hobbit: The Battle of the Five Armies Mary Nesbitt
19%
The Hobbit: The Desolation of Smaug, The Hobbit: The Battle of the Five Armies Peggy Nesbitt
19%
The Hobbit: The Desolation of Smaug, The Hobbit: The Battle of the Five Armies Stephen Fry
19%
The Lovely Bones Susan Sarandon
19%
King Kong Thomas Kretschmann
19%
The Hobbit: An Unexpected Journey, The Hobbit: The Desolation of Smaug, The Hobbit: The Battle of the Five Armies Adam Brown
17%
The Hobbit: The Battle of the Five Armies Billy Connolly
17%
King Kong Colin Hanks
17%
The Lord of the Rings: The Two Towers, The Lord of the Rings: The Return of the King John Noble
17%
The Hobbit: The Battle of the Five Armies Thomasin McKenzie
17%
The Lord of the Rings: The Fellowship of the Ring, The Lord of the Rings: The Two Towers Craig Parker
15%
The Hobbit: An Unexpected Journey, The Hobbit: The Desolation of Smaug, The Hobbit: The Battle of the Five Armies Dean O'Gorman
15%
The Hobbit: An Unexpected Journey, The Hobbit: The Desolation of Smaug, The Hobbit: The Battle of the Five Armies Graham McTavish
15%
The Lord of the Rings: The Fellowship of the Ring, The Lord of the Rings: The Return of the King Marton Csokas
15%
The Hobbit: The Desolation of Smaug, The Hobbit: The Battle of the Five Armies Ryan Gage
15%
The Hobbit: An Unexpected Journey Barry Humphries
13%
The Frighteners Chi McBride
13%
The Hobbit: An Unexpected Journey, The Hobbit: The Desolation of Smaug, The Hobbit: The Battle of the Five Armies, Braindead, Heavenly Creatures Jed Brophy
13%
The Hobbit: An Unexpected Journey, The Hobbit: The Desolation of Smaug, The Hobbit: The Battle of the Five Armies John Callen
13%
The Hobbit: An Unexpected Journey, The Hobbit: The Desolation of Smaug, The Hobbit: The Battle of the Five Armies Mark Hadlow
13%
The Lovely Bones Michael Imperioli
13%
The Hobbit: The Desolation of Smaug, The Hobbit: The Battle of the Five Armies Mikael Persbrandt
13%
The Frighteners Peter Dobson
13%
The Frighteners Trini Alvarado
13%
The Lovely Bones Carolyn Dando
11%
Heavenly Creatures Clive Merrison
11%
Heavenly Creatures Diana Kent
11%
Braindead Diana Penalver
11%
Braindead Elizabeth Moody
11%
Braindead Ian Watkin
11%
The Lovely Bones Jake Abel
11%
Bad Taste Mike Minett
11%
Bad Taste Pete O'Herne
11%
The Hobbit: An Unexpected Journey, The Hobbit: The Desolation of Smaug, The Hobbit: The Battle of the Five Armies Peter Hambleton
11%
The Lovely Bones Rose McIver
11%
Heavenly Creatures Sarah Peirse
11%
The Hobbit: An Unexpected Journey, The Hobbit: The Desolation of Smaug, The Hobbit: The Battle of the Five Armies Stephen Hunter
11%
Bad Taste Terry Potter
11%
Braindead Timothy Balme
11%
The Hobbit: An Unexpected Journey, The Hobbit: The Desolation of Smaug, The Hobbit: The Battle of the Five Armies William Kircher
11%
The Lovely Bones Christian Ashdale
9%
Braindead Brenda Kendall
6%
The Hobbit: The Desolation of Smaug Stephen Colbert
6%
No matching quizzes found
Score Distribution
Percent of People with Each Score
Percentile by Number Answered
Your Score History
You have not taken this quiz